00856nam a22001097a 4500008004100000100002400041245005600065260005600121300003900177520047400216773005600690250221b ||||| |||| 00| 0 eng d aSrviastava, Rohit  a Is non-violence a viable policy in global affairs? aWorld Affairs: The Journal of International Issues  a 28(4), Oct-Dec, 2024: p.106-115  aThe article contrarians a reflection on the ongoing global transformation and on India’s evolving rule in the international system. The author argues that India should derive inhibition for its foreign policy from its ancient philosophy which is broader than Mahatma Gandhi’s non –violent approach. The concepts of non-violence are not always viable in the context of the human condition as history and centenary events demonstrate time and again. – Reproduced  aWorld Affairs: The Journal of International Issues